书目信息 |
| 题名: |
考研英语阅读2006
|
|
| 作者: | 钟玲 主编 | |
| 分册: | 测试+研读118篇 | |
| 出版信息: | 北京 外文出版社 2005.06 |
|
| 页数: | 377页 | |
| 开本: | 26cm | |
| 丛书名: | ||
| 单 册: | ||
| 中图分类: | H319.4 | |
| 科图分类: | ||
| 主题词: | 英语--ying yu--阅读教学--研究生--入学考试--升学参考资料 | |
| 电子资源: | ||
| ISBN: | 7-119-04057-X | |
| 000 | 00847nam0 2200229 450 | |
| 001 | 012006606837 | |
| 005 | 20060308154036.25 | |
| 010 | @a7-119-04057-X@dCNY25.00 | |
| 100 | @a20060308d2005 km y0chiy0120 ea | |
| 101 | 0 | @achi@aeng |
| 102 | @aCN@b110000 | |
| 105 | @ay z 000yy | |
| 200 | 1 | @a考研英语阅读2006@Akao yan ying yu yue du 2006@i测试+研读118篇@f钟玲主编@Fzhong ling zhu bian |
| 210 | @a北京@c外文出版社@d2005.06 | |
| 215 | @a377页@d26cm | |
| 330 | @a本书是一部研究生英语入学考试自学参考资料,内容包括:网络与情报搜集,动物实验是否合理,网上求职,字母排序与歧视,全球气候变暖问题等。 | |
| 517 | 1 | @a测试+研读118篇@Ace shi+yan du 118 pian |
| 606 | 0 | @a英语@Aying yu@x阅读教学@x研究生@x入学考试@j升学参考资料 |
| 690 | @aH319.4@v4 | |
| 701 | 0 | @a钟玲@Azhong ling@4主编 |
| 801 | 0 | @aCN@bQSSK@c20060308 |
| 905 | @a10447@dH319.4@eZ728 | |
| 考研英语阅读2006.测试+研读118篇/钟玲主编.-北京:外文出版社,2005.06 |
| 377页;26cm |
| ISBN 7-119-04057-X:CNY25.00 |
| 本书是一部研究生英语入学考试自学参考资料,内容包括:网络与情报搜集,动物实验是否合理,网上求职,字母排序与歧视,全球气候变暖问题等。 |
| ● |
| 相关链接 |
|
|
|
正题名:考研英语阅读2006
索取号:H319.4/Z728
 
预约/预借
| 序号 | 登录号 | 条形码 | 馆藏地/架位号 | 状态 | 备注 |
| 1 | 555104 | 205551044 | 语言库209/ [索取号:H319.4/Z728] | 在馆 | |
| 2 | 555105 | 205551053 | 语言库209/209语言库 21排2列3层/ [索取号:H319.4/Z728] | 在馆 | |
| 3 | 555106 | 205551062 | 语言库209/209语言库 21排2列3层/ [索取号:H319.4/Z728] | 在馆 |